Road research use of waste materials and by products in road construction (Record no. 547448)
[ view plain ]
| 000 -LEADER | |
|---|---|
| fixed length control field | 00430 a2200133 4500 |
| 082 ## - DEWEY DECIMAL CLASSIFICATION NUMBER | |
| Classification number | 625.7 |
| Author Mark | L-15, P-17 |
| 110 ## - MAIN ENTRY--CORPORATE NAME | |
| Corporate name or jurisdiction name as entry element | HIS MAJESTYS STATIOARY OFFICE |
| 9 (RLIN) | 43640 |
| 245 ## - TITLE STATEMENT | |
| Title | Road research use of waste materials and by products in road construction |
| 260 ## - PUBLICATION, DISTRIBUTION, ETC. | |
| Place of publication, distribution, etc. | LONDON |
| Name of publisher, distributor, etc. | HIS MAJESTYS STATIONERY OFFICE |
| Date of publication, distribution, etc. | 1948 |
| 300 ## - PHYSICAL DESCRIPTION | |
| Extent | 20 P, PB |
| 500 ## - GENERAL NOTE | |
| General note | ROAD RESEARCH |
| 526 ## - STUDY PROGRAM INFORMATION NOTE | |
| Program name | 0 |
| Interest level | 0 |
| Reading level | 0 |
| Title point value | 625_700000000000000_L15_P17 |
| 942 ## - ADDED ENTRY ELEMENTS (KOHA) | |
| Source of classification or shelving scheme | |
| Koha item type | Book Bank |
| Withdrawn status | Lost status | Source of classification or shelving scheme | Damaged status | Not for loan | Permanent Location | Current Location | Date acquired | Total Checkouts | Full call number | Barcode | Date last seen | Price effective from | Koha item type |
|---|---|---|---|---|---|---|---|---|---|---|---|---|---|
| Military College of Engineering (MCE) | Military College of Engineering (MCE) | 07/16/2014 | 625.7 L-15, P-17 | MCE-24960 | 07/16/2014 | 07/16/2014 | Book Bank |
